Affinità /

A seguito della morte del padre e di un tentativo di suicidio, Margaret Prior, giovane di buona famiglia nella Londra vittoriana, decide di svolgere attività di volontariato con le detenute della prigione di Millbank. Il suo compito sarà dispensare aiuto e consigli a quelle donne sfortunate: ladre,...

Descrizione completa

Salvato in:
Dettagli Bibliografici
Autore principale: Waters, Sarah, (1966 luglio 21- ) (Autore)
Altri autori: Ascari, Fabrizio
Natura: Libro
Lingua:italiano
Pubblicazione: Milano : Ponte alle Grazie, [2004]
Tags: Aggiungi Tag
Nessun Tag, puoi essere il primo ad aggiungerne!!

MARC

LEADER 00000nam a22000007i 4500
001 IT\ICCU\RAV\1244830
003 ItRI
005 20260219121454.0
008 040907s2004 it |||||| ||||| |||||c
020 |a 8879287281 
040 |b ita  |c ct 
041 7 |a ita  |2 ISO-639-2 
100 1 |a Waters, Sarah,  |d  (1966 luglio 21- )  |0 IT\ICCU\UBOV\570123  |4 aut 
240 1 0 |a Affinity.  |9 Waters, Sarah <1966 luglio 21- > 
245 1 0 |a Affinità /  |c Sarah Waters ; traduzione di Fabrizio Ascari. 
260 |a Milano :  |b Ponte alle Grazie,  |c [2004] 
300 |a 414 p. ;  |c 21 cm. 
520 |a A seguito della morte del padre e di un tentativo di suicidio, Margaret Prior, giovane di buona famiglia nella Londra vittoriana, decide di svolgere attività di volontariato con le detenute della prigione di Millbank. Il suo compito sarà dispensare aiuto e consigli a quelle donne sfortunate: ladre, assassine, truffatrici, disturbatrici della quiete pubblica. Tra loro c'è Selina Dawes, di professione medium, giudicata colpevole di frode e aggressione. Margaret prova compassione per quella giovane apparentemente innocente, ma si sente anche attratta dalla sua indole enigmatica e dai suoi inquietanti poteri. Presto si trova impantanata in un mondo crepuscolare di sedute spiritiche, spettri e passioni proibite e dovrà liberare Selina, ma anche se stessa. 
700 1 |a Ascari, Fabrizio  |0 IT\ICCU\VIAV\095279 
942 |2 ddc  |c BK 
952 |0 0  |1 0  |2 ddc  |4 0  |6 B_LNR02WATSAAFF11  |7 0  |9 9115  |a MI  |b MI  |d 2011-11-25  |i 6335  |l 0  |o B-LNR02-WATSA-AFF11  |p CDOM6335  |r 2025-07-17 21:50:45  |w 2025-07-17  |x ACQUISTO  |y BK 
952 |0 0  |1 0  |4 0  |6 L_823_914000000000000_WAT  |7 0  |9 17090  |a BO  |b BO  |d 2026-01-15  |i 14154  |l 0  |o L 823.914 WAT  |p BO14154  |r 2026-01-15 23:19:32  |w 2026-01-15  |x [Sebina 5] [1 v.]  |y BK  |z 1 v. (2. copia) 
952 |0 0  |1 0  |4 0  |6 L_823_914000000000000_WAT  |7 0  |9 17091  |a BO  |b BO  |d 2026-01-15  |i 8279  |l 0  |o L 823.914 WAT  |p BO8279  |r 2026-01-15 23:19:32  |w 2026-01-15  |x [Sebina 5] [1 v.]  |y BK  |z 1 v. 
999 |c 7730  |d 7730